Periodic Table Elements by Chemical Symbol - Statistics

General Stats
  • This quiz has been taken 326 times
  • The average score is 66 of 118
Answer Stats
Chemical Symbol Element % Correct
He Helium
99%
Li Lithium
99%
H Hydrogen
97%
O Oxygen
96%
C Carbon
95%
Mg Magnesium
93%
Al Aluminium
92%
Be Beryllium
92%
N Nitrogen
92%
Fe Iron
91%
K Potassium
91%
Na Sodium
91%
Zn Zinc
90%
Ar Argon
89%
Ne Neon
89%
Ca Calcium
88%
F Fluorine
88%
Si Silicon
88%
B Boron
87%
Cl Chlorine
87%
Cu Copper
87%
P Phosphorus
87%
Ni Nickel
86%
Ti Titanium
86%
Co Cobalt
85%
S Sulfur
85%
Ag Silver
83%
Au Gold
81%
Ga Gallium
80%
Kr Krypton
80%
Mn Manganese
79%
Xe Xenon
78%
Ge Germanium
76%
I Iodine
75%
Br Bromine
74%
Se Selenium
74%
Cr Chromium
72%
Sc Scandium
72%
As Arsenic
70%
U Uranium
70%
Ba Barium
69%
Pb Lead
69%
Rb Rubidium
69%
V Vanadium
69%
Cd Cadmium
68%
Hg Mercury
65%
Cs Caesium
63%
W Tungsten
63%
Zr Zirconium
62%
Sn Tin
61%
Fr Francium
59%
In Indium
59%
Ra Radium
59%
Sr Strontium
59%
Y Yttrium
59%
Pd Palladium
57%
Pt Platinum
57%
Bi Bismuth
56%
Am Americium
54%
Os Osmium
54%
Po Polonium
54%
Te Tellurium
52%
Ir Iridium
51%
Es Einsteinium
48%
Eu Europium
48%
Pu Plutonium
48%
Rn Radon
48%
Rh Rhodium
48%
Mo Molybdenum
46%
Sb Antimony
45%
Hf Hafnium
45%
Nb Niobium
45%
La Lanthanum
44%
At Astatine
43%
Cf Californium
43%
Ce Cerium
43%
Tc Technetium
43%
Th Thorium
43%
Np Neptunium
41%
Rf Rutherfordium
41%
Yb Ytterbium
41%
Er Erbium
39%
Ac Actinium
38%
Re Rhenium
38%
Ru Ruthenium
37%
No Nobelium
36%
Sm Samarium
35%
Nd Neodymium
34%
Og Oganesson
34%
Bk Berkelium
33%
Dy Dysprosium
32%
Lr Lawrencium
32%
Pm Promethium
32%
Ta Tantalum
32%
Cm Curium
30%
Fm Fermium
30%
Ho Holmium
30%
Md Mendelevium
30%
Gd Gadolinium
29%
Lv Livermorium
28%
Pr Praseodymium
28%
Sg Seaborgium
28%
Ts Tennessine
28%
Tb Terbium
28%
Bh Bohrium
26%
Lu Lutetium
26%
Nh Nihonium
26%
Tl Thallium
26%
Db Dubnium
24%
Mc Moscovium
23%
Hs Hassium
21%
Rg Roentgenium
21%
Cn Copernicium
19%
Ds Darmstadtium
19%
Fl Flerovium
17%
Mt Meitnerium
17%
Tm Thulium
15%
Pa Protactinium
14%
No matching quizzes found
Score Distribution
Percent of People with Each Score
Percentile by Number Answered
Your Score History
You have not taken this quiz